| 000 | 00351nam a2200145Ia 4500 | ||
|---|---|---|---|
| 008 | 150201s2012 xx 000 0 und d | ||
| 082 |
_a610.7 _bM12C |
||
| 100 | _aCLEMENT , I. | ||
| 245 | _aMANAGEMENT OF NURSING SERVIES & EDUCATION | ||
| 250 | _a1ST | ||
| 260 |
_bELSEVIER _aINDIA _c2012 |
||
| 300 | _a570 | ||
| 650 | _aNURSING | ||
| 942 |
_2ddc _cBK _086 |
||
| 999 |
_c2082 _d2082 |
||